|
|
|
|
| LEADER |
00734nab a2200181 i 4500 |
| 001 |
acta2194 |
| 005 |
20210608130933.0 |
| 008 |
161015s1979 hu o 0|| hun d |
| 022 |
|
|
|a 0324-7260
|
| 040 |
|
|
|a SZTE Egyetemi Kiadványok Repozitórium
|b hun
|
| 041 |
|
|
|a hun
|
| 100 |
1 |
|
|a Zakar András
|
| 245 |
1 |
3 |
|a Az első osztályos középiskolai tanulók pályaválasztási szándékainak értékorientációs tényezői
|h [elektronikus dokumentum] /
|c Zakar András
|
| 260 |
|
|
|c 1979
|
| 300 |
|
|
|a 103-124
|
| 490 |
0 |
|
|a Acta Universitatis Szegediensis de Attila József nominatae : sectio paedagogica et psychologica
|v 21
|
| 695 |
|
|
|a Neveléstudomány
|
| 856 |
4 |
0 |
|u http://acta.bibl.u-szeged.hu/2194/1/paed_psych_021_103-124.pdf
|z Dokumentum-elérés
|